000 00743nam a2200181Ia 4500
008 090630s9999 xx 000 0 und d
082 _b27576
100 _aकुलकर्णी विनायक य.
245 _aदैनंदिन जीवनात गीता.
_cकुलकर्णी विनायक य.
260 _bविवेकानंद केंद्र - पुणे.
_c2002
300 _a100
600 _aकुलकर्णी विनायक य.
630 _aदैनंदिन जीवनात गीता.
655 _aइतर.
700 _aकुलकर्णी विनायक य.
730 _aदैनंदिन जीवनात गीता.
942 _cBOOK
999 _c279432
_d279432